| 000 | 00382nam a22001337a 4500 | ||
|---|---|---|---|
| 082 | _aP707 | ||
| 100 |
_aWaqas Ovais Qureshi syn#15 _950982 |
||
| 245 | _aLocally available admixtures for concrete structures | ||
| 260 |
_aRisalpur, _bMCE, _c2005. |
||
| 300 |
_a69p. _c26cm. |
||
| 526 |
_a0 _b0 _c0 _dP_000000000000000_707 |
||
| 700 |
_aAwais Jamil Chaudhary _950983 |
||
| 942 |
_2ddc _cBK |
||
| 999 |
_c553721 _d553721 |
||